| 000 | 00925cam a2200253 4500 | ||
|---|---|---|---|
| 001 | ABS62248 | ||
| 008 | 000000n2000 000 0 eng u | ||
| 035 | _a(Sirsi) u105720 | ||
| 245 | _aLow value: high priority | ||
| 260 | _c2000 | ||
| 490 |
_aEstates Gazette _v0015) 15 April 2000, 146-149(3) |
||
| 520 | _aMainly for students article which looks at how the system works for appealing against the 2000 rateable value and for minimising liability for rates; and at the four valuation methods for undertaking rating valuations. COPY AVAILABLE FOR LOAN WITHIN J108208. | ||
| 590 | _aABS | ||
| 650 | _aRATING REVALUATION 2000 | ||
| 650 | _aVALUATION METHODS | ||
| 650 | _aRATING (VALUATION) ACT 1999 | ||
| 650 | _aRENTAL METHOD | ||
| 650 | _aPROFITS METHOD | ||
| 650 | _aCONTRACTORS METHOD | ||
| 650 | _aTRANSITIONAL RELIEF | ||
| 650 | _aEMPTY PROPERTY | ||
| 690 | _aRATING AND LOCAL TAXATION | ||
| 942 | _n0 | ||
| 999 |
_c63311 _d63311 |
||